000 00662nam a2200241Ia 4500
003 OSt
005 20221007072655.0
006 a|||||r|||| 00| 0
007 ta
008 221006b |||||||| |||| 00| 0 eng d
024 _a27,282
037 _cTextual
040 _aFLL
_cFLL
_beng
041 _2eng
_aeng
082 _aZ5931,805, K6
100 _aGrassberger Roland
_9690893
245 0 _aAustrian penal act
260 _aLondon
_bSweet & Maxwell Ltd. UK
_c1966
300 _axii,170p
_ccm.
700 _a Nowotny Helga
_920526
942 _hZ5931,805, K6
_cTEXL
_2CC
999 _c1146701
_d1146701